[Event "19th Prague Open-A 2020"]
[Site "Prague"]
[Date "2020.01.10"]
[Round "1.1"]
[White "Tesar, Jan"]
[Black "Quesada Perez, Luis Ernesto"]
[Result "0-1"]
[WhiteElo "2001"]
[BlackElo "2491"]
[Annotator "ChessBase"]
[PlyCount "72"]
[EventDate "2020.01.10"]
[EventType "swiss"]
[EventCountry "CZE"]
[SourceTitle "playchess.com"]
[Source "ChessBase"]
[SourceQuality "1"]
[TimeControl "40/5400+30:1800+30"]

1. d4 {[%emt 0:00:00]} Nf6 {[%emt 0:00:00]} 2. g3 {[%emt 0:00:00]} c5 {[%emt 0:00:31]} 3. d5 {[%emt 0:01:14]} e6 {[%emt 0:00:27]} 4. Nc3 {[%emt 0:00:33]} d6 {[%emt 0:00:05]} 5. Bg2 {[%emt 0:00:30]} Be7 {[%emt 0:00:19]} 6. e4 {[%emt 0:04:07]} O-O {[%emt 0:01:13]} 7. Nf3 {[%emt 0:00:23]} exd5 {[%emt 0:00:26]} 8. exd5 {[%emt 0:00:29]} Na6 {[%emt 0:00:55]} 9. O-O {[%emt 0:00:27]} Bf5 {[%emt 0:01:21]} 10. Nh4 {[%emt 0:02:22]} Bd7 {[%emt 0:00:19]} 11. a4 {[%emt 0:04:05]} Re8 {[%emt 0:04:24]} 12. h3 {[%emt 0:07:23]} h6 {[%emt 0:08:55]} 13. Nb5 {[%emt 0:03:06]} Qb6 {[%emt 0:00:24]} 14. c4 {[%emt 0:01:04]} Nb4 {[%emt 0:00:11]} 15. Bd2 {[%emt 0:10:44]} a6 {[%emt 0:01:01]} 16. Nc3 {[%emt 0:00:43]} Nh7 {[%emt 0:18:33]} 17. Nf3 {[%emt 0:12:50]} Bf5 {[%emt 0:06:07]} 18. a5 {[%emt 0:00:14]} Qd8 {[%emt 0:00:46]} 19. Ne2 {[%emt 0:02:06]} Bc2 {[%emt 0:00:45]} 20. Qc1 {[%emt 0:06:28]} Bd3 {[%emt 0:00:04]} 21. Nf4 {[%emt 0:04:26]} Bxf1 {[%emt 0:00:05]} 22. Bxf1 {[%emt 0:00:12]} Ng5 {[%emt 0:00:35]} 23. Nh4 {[%emt 0:05:32]} Bf6 {[%emt 0:01:52]} 24. Nf5 {[%emt 0:02:31]} Qd7 {[%emt 0:00:56]} 25. g4 {[%emt 0:00:54]} Nf3+ {[%emt 0:04:59]} 26. Kg2 {[%emt 0:02:31]} Nd4 {[%emt 0:02:01]} 27. Nxd4 {[%emt 0:02:50]} Bxd4 {[%emt 0:00:06]} 28. Ra3 {[%emt 0:02:33]} Qe7 {[%emt 0:04:01]} 29. Rf3 {[%emt 0:01:41]} Qe4 {[%emt 0:02:03]} 30. Bxb4 {[%emt 0:03:02]} cxb4 {[%emt 0:00:01]} 31. Bd3 {[%emt 0:00:18]} Qe1 {[%emt 0:02:05]} 32. Qc2 {[%emt 0:00:30]} Qa1 {[%emt 0:00:59]} 33. Bh7+ {[%emt 0:06:29]} Kh8 {[%emt 0:00:01]} 34. Bg6 {[%emt 0:04:59]} Re1 {[%emt 0:05:57]} 35. Ne2 {[%emt 0:01:10]} fxg6 {[%emt 0:00:49]} 36. Rf7 {[%emt 0:01:11]} Qxb2 {[%emt 0:00:47]} 0-1

[Event "19th Prague Open-A 2020"]
[Site "Prague"]
[Date "2020.01.10"]
[Round "1.2"]
[White "Stankovic, Milos"]
[Black "Hajiyev, Kanan"]
[Result "1-0"]
[WhiteElo "2466"]
[BlackElo "1996"]
[Annotator "TA"]
[PlyCount "73"]
[EventDate "2020.01.10"]
[EventType "swiss"]
[EventCountry "CZE"]
[SourceTitle "playchess.com"]
[Source "ChessBase"]
[SourceQuality "1"]

{[%evp 10,73,24,10,24,12,26,0,0,0,9,8,16,7,15,1,8,0,0,0,0,0,0,-13,-4,-13,0,0,21,8,18,16,197,214,212,182,212,213,304,310,321,313,368,217,270,247,253,246,256,248,274,265,347,350,413,381,388,373,395,304,292,269,322,319,704,683]} 1. e4 c6 2. d4 d5 3. e5 Bf5 4. c4 e6 5. Nc3 Nd7 6. Nf3 h6 {B12: Caro-Kann: Advance Variation} 7. h3 Ne7 8. cxd5 cxd5 {The position is equal.} (8... Nxd5 9. Bd3 Bb4 10. O-O Bxd3 11. Qxd3 Be7 12. Bd2 O-O 13. Rfe1 Re8 {½-½ (25) Stankovic,M (2451)-Donchenko,A (2607) Germany 2018}) 9. Bd3 $146 ({Predecessor:} 9. g4 Bh7 10. Bd3 Bxd3 11. Qxd3 Nc6 12. a3 Be7 13. Ne2 Rc8 14. O-O {1-0 (44) Reimer,O (1927)-Harringer,M (2030) Bad Homburg 2015}) 9... a6 10. O-O Bxd3 11. Qxd3 Nc6 12. a3 Be7 13. Ne2 Qb6 14. Nf4 Qb5 15. Qe3 Na5 16. Nh5 g6 17. Nf4 Qb3 18. Qe1 Nc4 19. Qe2 Rc8 20. Rd1 Ndb6 $2 (20... Na5 $11) 21. Rd3 $1 $18 {[%cal Rd3b3]} Qb5 {[#]} 22. a4 $1 $36 {[%cal Ra4b5][%mdl 2560] White is in control.} Qd7 {[#]} (22... Nxa4 23. b3) 23. Qe1 $1 g5 (23... Nxa4 $142 24. b3 {[%mdl 64] Double Attack} Nab6) 24. Nh5 Na8 25. b3 Ncb6 26. Nh2 (26. Nf6+ $142 Bxf6 27. exf6) 26... Qc6 27. Bd2 Qc2 28. Qe3 Qb2 29. Rf1 Rc7 30. Ng4 Kd8 31. Qf3 Nd7 32. Qxf7 {And now Ng7 would win.} Qc2 33. Qf3 Kc8 34. Qe2 Qb2 35. Ne3 Kb8 36. Qg4 Qa2 $2 (36... Nf8 37. f4 gxf4) 37. Qxe6 {[%mdl 64] Double Attack. Accuracy: White = 66%, Black = 32%.} 1-0

[Event "19th Prague Open-A 2020"]
[Site "Prague"]
[Date "2020.01.10"]
[Round "1.3"]
[White "Mindl, Josef"]
[Black "Cernousek, Lukas"]
[Result "0-1"]
[WhiteElo "1990"]
[BlackElo "2447"]
[Annotator "TA"]
[PlyCount "94"]
[EventDate "2020.01.10"]
[EventType "swiss"]
[EventCountry "CZE"]
[SourceTitle "playchess.com"]
[Source "ChessBase"]
[SourceQuality "1"]

{[%evp 12,94,17,22,25,22,24,0,0,0,2,0,0,0,0,0,0,-31,-38,-81,-88,-83,-84,-86,-89,-117,-96,-79,-62,-43,-53,-163,-185,-202,-165,-191,-153,-179,-152,-257,-253,-320,-319,-313,-295,-310,-293,-288,-288,-290,-289,-347,-295,-297,-306,-329,-341,-426,-340,-393,-376,-459,-424,-501,-479,-453,-379,-1102,-1125,-1110,-1035,-1477,-1225,-1475,-1225,-2547,-2332,-29976,-29978,-29980,-29981,-29981,-29981,-29981,-29976]} 1. e4 c5 2. Nf3 d6 3. d4 Nf6 4. Nc3 cxd4 5. Nxd4 a6 6. h3 e5 7. Nde2 h5 {B90: Sicilian Najdorf: Unusual White 6th moves, 6 Be3 Ng4 and 6 Be3 e5} 8. Bg5 Be6 9. Qd2 Nbd7 {The position is equal.} 10. g3 Be7 11. Bg2 b5 12. a3 Rb8 $146 ({Predecessor:} 12... Rc8 13. O-O O-O 14. b3 Nh7 15. Be3 {0-1 (70) Sasikiran,K (2674)-Jumabayev,R (2611) Moscow 2017}) 13. O-O a5 14. Bxf6 Nxf6 15. Nd5 Nxd5 16. exd5 Bd7 17. f4 f5 18. fxe5 dxe5 19. d6 Qb6+ {[%mdl 64] [#] Double Attack} 20. Kh1 Qxd6 21. Qxd6 (21. Qxa5 $15 Qe6 22. Rae1) 21... Bxd6 $19 22. Rad1 Rh6 23. Rd2 Bc7 24. Rfd1 Rd8 25. Bd5 (25. h4 $17 {was necessary.}) 25... Rd6 26. Bf7+ Ke7 27. Rxd6 Bxd6 28. Bd5 Bc5 29. Bg2 Be6 30. Rxd8 Kxd8 {[%mdl 4096] Endgame KBB-KBN} 31. Bc6 b4 32. axb4 axb4 ({Don't do} 32... Bxb4 33. h4 $19) 33. Kg2 g5 34. Nc1 Bd6 35. Ne2 Ke7 36. Nc1 Kf6 37. Ne2 Bc4 38. Nc1 Ke6 39. Nd3 $2 {[#]} (39. g4) 39... Bd5+ 40. Bxd5+ Kxd5 {KB-KN} 41. Kf2 e4 42. Nc1 Bc5+ 43. Ke2 f4 44. gxf4 gxf4 {Black mates.} 45. Nb3 f3+ 46. Ke1 e3 47. Nc1 Bd6 {Accuracy: White = 40%, Black = 84%.} 0-1

[Event "19th Prague Open-A 2020"]
[Site "Prague"]
[Date "2020.01.10"]
[Round "1.4"]
[White "Laxman, R.R."]
[Black "Wang, Yukun"]
[Result "1/2-1/2"]
[WhiteElo "2441"]
[BlackElo "1990"]
[Annotator "TA"]
[PlyCount "80"]
[EventDate "2020.01.10"]
[EventType "swiss"]
[EventCountry "CZE"]
[SourceTitle "playchess.com"]
[Source "ChessBase"]
[SourceQuality "1"]

{[%evp 17,80,24,33,20,29,12,8,17,50,45,59,59,50,53,61,42,58,31,57,23,32,24,36,30,33,0,0,0,5,0,0,-10,12,-6,-6,-4,0,-7,-3,-35,-26,-24,-9,-8,-9,-11,0,0,0,0,0,4,0,0,8,0,8,8,8,8,8,8,8,8,8]} 1. d4 d5 2. Nf3 Nf6 3. c4 c6 4. e3 Bf5 5. Nc3 e6 6. Nh4 Be4 7. f3 Bg6 8. Qb3 Qb6 9. Nxg6 hxg6 10. Bd2 {D12: Slav Defence: 3 Nf3 Nf6 4 e3 Bf5} (10. cxd5 {looks sharper.} Nxd5 11. Bd2 Nd7 12. Bc4 Qc7 13. Ne2) 10... Nbd7 11. cxd5 (11. g3 Be7 12. Kf2 g5 13. Kg2 Rd8 14. Qxb6 axb6 15. a4 O-O 16. cxd5 exd5 17. Bd3 g4 {1-0 (54) Ding,L (2812)-Mamedov,R (2701) Astana 2019}) 11... Qxb3 12. axb3 {aiming for dxe6.} Nxd5 13. Nxd5 cxd5 14. Bd3 Bd6 15. h3 $146 ({Predecessor:} 15. Kf2 Ke7 16. h3 Rhc8 17. h4 a6 {0-1 (78) Miedema,D (2325)-Van Wessel,R (2340) Netherlands 2010}) 15... Ke7 16. Ke2 Rhc8 17. h4 e5 18. h5 gxh5 19. Rxh5 g6 20. Rh4 a6 21. Bc3 exd4 22. Bxd4 Nc5 23. Bc2 Ne6 24. Bc3 Bg3 25. Rh7 d4 26. exd4 Nxd4+ 27. Kd3 $132 {[%mdl 2048] White is fighting back} Nb5 28. Ra4 {[#] Hoping for Re4+.} Nxc3 29. bxc3 b5 30. Re4+ {The position is equal.} Kf6 31. f4 Re8 32. Ke3 Rac8 33. Rxe8 Rxe8+ $11 {[%mdl 4096] Endgame KRB-KRB} 34. Kf3 Rc8 35. c4 $1 bxc4 36. bxc4 ({Much worse is} 36. Kxg3 cxb3 37. Be4 Ke6 $15) 36... Rxc4 {[%mdl 64] ...Rc3+ is the strong threat. Double Attack} 37. Rxf7+ $1 Kxf7 38. Bb3 {[#]} Kf6 $1 {[%mdl 512] ( -> ...Rc3+)} 39. Bxc4 Be1 40. Bxa6 g5 {Accuracy: White = 57%, Black = 63%.} 1/2-1/2

[Event "19th Prague Open-A 2020"]
[Site "Prague"]
[Date "2020.01.10"]
[Round "1.5"]
[White "Nemec, Jachym"]
[Black "Budnikov, Oleg"]
[Result "0-1"]
[WhiteElo "1988"]
[BlackElo "2432"]
[Annotator "TA"]
[PlyCount "70"]
[EventDate "2020.01.10"]
[EventType "swiss"]
[EventCountry "CZE"]
[SourceTitle "playchess.com"]
[Source "ChessBase"]
[SourceQuality "1"]

{[%evp 9,70,26,44,37,54,47,133,68,81,69,58,7,13,-16,-13,-26,-18,-36,-30,-28,-36,-159,-137,-253,-250,-242,-247,-233,-237,-232,-231,-234,-226,-235,-140,-250,-228,-239,-225,-233,-213,-233,-171,-168,-162,-204,-203,-249,-250,-245,-237,-248,-238,-235,-158,-193,-77,-71,-99,-208,-209,-1074,-1070]} 1. e4 g6 2. d4 Bg7 3. Nf3 d6 4. Nc3 a6 5. Bc4 e6 6. O-O {B06: Modern Defence} (6. a4 Ne7 7. O-O O-O 8. Re1 Nbc6 9. Be3 d5 10. Bb3 h6 11. exd5 exd5 12. h3 Be6 13. Ne2 Na5 {0-1 (26) Ivanov,A (2476)-Mamedov,R (2678) Atlantic City 2016}) 6... b6 7. Re1 Nd7 $146 (7... Bb7 $14) ({Predecessor:} 7... Ne7 8. h3 h6 9. Nh2 Nd7 10. f4 O-O 11. Be3 Bb7 12. a4 c5 13. Nf3 {0-1 (38) Hoffmann,F (1694)-Mense,J (1802) Germany 2014}) 8. e5 (8. Ng5 $1 $16 {Bxe6! is the strong threat.} Bf6 9. Nxf7 Kxf7 10. e5 $1 {[%mdl 512]}) 8... Ne7 $1 $14 9. exd6 cxd6 10. Ng5 (10. Bg5 $14 h6 11. Bxe7 Kxe7 12. Nh4) 10... Nf6 $1 $11 11. Qf3 d5 12. Bd3 O-O 13. Ne2 Nc6 {White should prevent ...h6.} 14. Bf4 Nh5 15. Be3 (15. Rad1 $15) 15... h6 16. g4 (16. Nh3 $17 {was called for.}) 16... Nf6 $19 ({Weaker is} 16... hxg5 17. gxh5 e5 18. dxe5 $17) 17. Nh3 {[#]} e5 $1 {[%cal Re5e4]} 18. dxe5 Nxg4 19. Nhf4 Ncxe5 20. Qg2 Nxe3 21. fxe3 Ng4 (21... Bb7 $19 22. Nd4 Re8) 22. Ng3 (22. Nxd5 $17 Bb7 23. Nef4) 22... Bxb2 23. Rad1 Bc3 24. Re2 Nf6 25. Nf5 Bxf5 26. Bxf5 Kh8 27. Bd3 Be5 28. Qh3 Bxf4 29. exf4 Kg7 30. Rg2 Qd6 31. Qh4 Ne4 32. f5 Ng5 (32... Qe5 $19 {is more deadly.} 33. Bxe4 Qxe4) 33. Rf1 {[#] Threatens to win with f6+.} Qe5 $1 34. f6+ (34. Kh1 $17 Rae8 35. Qb4) 34... Kh7 35. Rf4 $2 {[#]} (35. Rg4 Ne4 36. Bxe4 dxe4 37. Rxe4) 35... Qxf4 $1 {[%mdl 512] Accuracy: White = 19%, Black = 63%.} 0-1

[Event "19th Prague Open-A 2020"]
[Site "Prague"]
[Date "2020.01.10"]
[Round "1.6"]
[White "Low, Zhen Yu Cyrus"]
[Black "Grichkevitch, Gilles"]
[Result "1-0"]
[WhiteElo "2415"]
[BlackElo "1985"]
[Annotator "TA"]
[PlyCount "35"]
[EventDate "2020.01.10"]
[EventType "swiss"]
[EventCountry "CZE"]
[SourceTitle "playchess.com"]
[Source "ChessBase"]
[SourceQuality "1"]

{[%evp 17,42,7,21,22,20,10,139,164,440,415,475,450,443,390,541,541,716,267,571,570,1295,1297,1255,1285,29982,29983,29983]} 1. e4 c5 2. Nf3 e6 3. d4 cxd4 4. Nxd4 Nc6 5. Nc3 Nf6 6. Nxc6 bxc6 7. e5 Nd5 8. Ne4 Qc7 9. f4 f5 10. exf6 $1 {B45: Sicilian Four Knights} gxf6 11. Bd3 Nxf4 $146 (11... Qb6 $11 {keeps the balance.}) ({Predecessor:} 11... Qb6 12. a3 Ba6 13. Qh5+ Kd8 14. Qe2 Bxd3 15. Qxd3 f5 16. Ng5 Kc7 17. c4 Nf6 {1-0 (41) Naiditsch,A (2710)-Moiseenko,A (2698) Germany 2014}) 12. O-O {White is clearly better.} Qb6+ $2 (12... e5 {is a better defense.}) 13. Kh1 $18 Nxd3 14. Nxf6+ ({Weaker is} 14. cxd3 Ba6 $16) ({Less strong is} 14. Qxd3 Be7 $16) 14... Kd8 {Hoping for ...Nf2+.} 15. Qxd3 Be7 16. Bg5 Qb5 17. Qe3 $2 (17. Qg3) 17... Rb8 $2 (17... h6) 18. c4 {Played: Ra1-d1} 1-0

[Event "19th Prague Open-A 2020"]
[Site "Prague"]
[Date "2020.01.10"]
[Round "1.7"]
[White "Turkova, Karolina"]
[Black "Lalic, Bogdan"]
[Result "0-1"]
[WhiteElo "1981"]
[BlackElo "2402"]
[Annotator "TA"]
[PlyCount "64"]
[EventDate "2020.01.10"]
[EventType "swiss"]
[EventCountry "CZE"]
[SourceTitle "playchess.com"]
[Source "ChessBase"]
[SourceQuality "1"]

{[%evp 22,96,26,6,15,7,29,0,5,8,8,0,0,0,0,-33,-37,-40,-44,-43,-43,-28,-28,-29,-29,-109,-109,-93,-70,-146,-139,-140,-133,-129,-143,-145,-137,-139,-138,-154,-151,-177,-173,-172,-174,-239,-239,-239,-239,-239,-232,-239,-231,-902,-829,-1133,-1099,-1553,-1289,-2310,-1937,-12834,-12835,-12835,-12835,-12836,-12836,-12837,-12837,-12837,-12837,-12837,-12837,-12845,-12845,-12847,-12847]} 1. e4 c5 2. Nf3 g6 3. c4 Nc6 4. d4 cxd4 5. Nxd4 Nf6 6. Nc3 Nxd4 7. Qxd4 d6 8. Bg5 Bg7 9. Be2 O-O 10. O-O Be6 11. Qe3 Qb6 12. Rab1 Qxe3 {B36: Sicilian: Maroczy Bind: Gurgenidze System} (12... Rfc8 13. b3 Qxe3 14. Bxe3 a6 15. Na4 Nd7 16. f4 f5 17. exf5 Bxf5 18. Rbc1 Rab8 19. Ba7 Ra8 20. Bf2 {½-½ (38) Nabaty,T (2604)-Kovchan,A (2591) Paleochora 2015}) 13. Bxe3 Rfc8 14. Nd5 Bxd5 {The position is equal.} 15. exd5 b5 16. Rfc1 $146 ({Predecessor:} 16. cxb5 Nxd5 17. Bf3 Nxe3 18. fxe3 Rab8 19. Bc6 Bxb2 20. Rf4 {½-½ (49) Misailovic,N (2301)-Blesic,V (2397) Kraljevo 2011}) 16... bxc4 17. Bxc4 Ng4 18. Bg5 Bd4 19. Bh4 {[#]} g5 $1 {[%mdl 512]} 20. Bxg5 Bxf2+ 21. Kh1 Be3 $36 {[%mdl 2048] Black fights for an advantage.} 22. Bxe3 Nxe3 23. b3 (23. Bb3 $11) 23... Rab8 $17 24. Kg1 Kg7 25. Kf2 (25. Ba6 $15 Rxc1+ 26. Rxc1) 25... Nxc4 26. bxc4 Rxb1 27. Rxb1 Rxc4 {[%mdl 4096] Endgame KR-KR} 28. Rb7 {[#]} Kf6 $1 29. Rxa7 Rc5 30. a4 Rxd5 31. a5 {[#]} Rd2+ $1 32. Kf3 h5 {Played: Rd2-a2} 0-1

[Event "19th Prague Open-A 2020"]
[Site "Prague"]
[Date "2020.01.10"]
[Round "1.8"]
[White "Quesada Vera, Liordis"]
[Black "Plasil, Petr"]
[Result "1-0"]
[WhiteElo "2386"]
[BlackElo "1978"]
[Annotator "TA"]
[PlyCount "65"]
[EventDate "2020.01.10"]
[EventType "swiss"]
[EventCountry "CZE"]
[SourceTitle "playchess.com"]
[Source "ChessBase"]
[SourceQuality "1"]

{[%evp 14,65,39,25,35,29,22,11,33,15,37,4,115,114,108,108,168,169,158,144,156,147,172,162,155,167,167,167,165,165,172,173,163,169,152,161,222,225,215,229,288,282,293,301,384,385,376,270,314,299,472,458,500,500]} 1. Nf3 Nf6 2. g3 g6 3. b3 Bg7 4. Bb2 O-O 5. Bg2 d5 6. c4 c6 7. O-O Bf5 8. d3 Qd7 {A11: English Opening: 1...c6} (8... Qc8 9. Nbd2 Bh3 10. Rc1 Bxg2 11. Kxg2 Qd8 12. b4 Nbd7 13. a4 e6 14. Qb3 Re8 15. Rfd1 Rc8 16. Qa2 Bf8 17. b5 e5 18. cxd5 cxd5 19. Rxc8 Qxc8 {0-1 (68) Cordova,E (2609)-Delgado Ramirez,N (2619) Batumi 2018}) 9. Re1 Bh3 10. Bh1 Re8 $146 {The position is equal.} ({Predecessor:} 10... Qf5 11. Qc1 h6 12. Nc3 Qh5 13. e4 dxc4 14. bxc4 e5 15. Ne2 Nbd7 16. d4 {1-0 (47) Enkhnar,E (2438)-Yandemirov,V (2382) Alushta 2016}) 11. Qd2 Qf5 12. Nc3 {[%cal Bb1c3,Bc3d5,Bd5f6][%mdl 32]} e5 {[#]} (12... dxc4 $11 13. dxc4 e5) 13. cxd5 $1 $16 cxd5 {[#]} 14. Nxd5 $1 {[%mdl 512]} Qd7 {[#]} (14... Nxd5 $16 15. e4 {[%mdl 64] Double Attack} Qd7) 15. Nxf6+ $1 $18 ({Don't play} 15. Nxe5 $6 Rxe5 16. Bxe5 Nxd5 $16) 15... Bxf6 16. Ng5 Bf5 17. Rac1 Nc6 18. Ne4 Bxe4 19. Bxe4 Rac8 20. Rc4 Nd4 21. Rec1 b5 22. Rxc8 Rxc8 23. Rxc8+ Qxc8 24. e3 Nf5 (24... Ne6 $142 25. f4 Qc7) 25. Qc3 Qxc3 26. Bxc3 {[%mdl 4096] Endgame KBB-KBN} Bg7 27. Bb4 Bf6 28. Bc6 Ne7 29. Bxb5 Nd5 30. Be1 Kf8 31. Bc6 Ne7 (31... Nc7 {might work better.} 32. Ba5 Bd8) 32. Bb4 Kg8 33. Bb7 {Accuracy: White = 74%, Black = 39%.} 1-0

[Event "19th Prague Open-A 2020"]
[Site "Prague"]
[Date "2020.01.10"]
[Round "1.9"]
[White "Wikar, Martyna"]
[Black "Kozak, Antoni"]
[Result "0-1"]
[WhiteElo "1978"]
[BlackElo "2380"]
[Annotator "TA"]
[PlyCount "60"]
[EventDate "2020.01.10"]
[EventType "swiss"]
[EventCountry "CZE"]
[SourceTitle "playchess.com"]
[Source "ChessBase"]
[SourceQuality "1"]

{[%evp 15,60,6,28,0,26,15,41,13,58,66,60,52,48,-17,-17,-15,-25,-49,-46,-81,-86,-90,-90,-141,-127,-147,-141,-243,-259,-262,-253,-325,-335,-366,-343,-390,-358,-516,-493,-498,-485,-625,-560,-552,-500,-1292,-1253]} 1. Nf3 g6 2. g3 Bg7 3. Bg2 f5 4. d4 Nf6 5. c4 O-O 6. O-O d6 7. Nc3 c6 8. Qc2 Na6 9. Bd2 {A88: Dutch Defence: Leningrad System: 5 Nf3 0-0 6 0-0 d6 7 Nc3 c6} (9. Re1 Re8 10. Bg5 e5 11. dxe5 dxe5 12. Rad1 Qe7 13. e4 Nc5 14. Qc1 Qf8 15. Nh4 Nfxe4 16. Bxe4 fxe4 17. Nxe4 {1-0 (47) Adly,A (2593)-Anton Guijarro,D (2676) Sharjah 2017}) 9... Nh5 10. d5 Nb4 $146 ({Predecessor:} 10... e5 11. dxe6 Bxe6 12. b3 f4 13. Rad1 Bf5 14. Qc1 g5 15. Be1 Qe7 16. Nd4 Bd7 {0-1 (39) Lisitsin,G-Lutikov,A Leningrad 1955}) 11. Qa4 {White is slightly better.} c5 12. a3 Na6 13. Rfe1 f4 14. Ne4 (14. e3 $14) 14... Bxb2 $11 15. Rab1 Bg7 16. Neg5 Nc7 17. Ne6 Nxe6 18. dxe6 Qe8 $1 {[%cal Re8a4]} 19. Qb3 {[#]} (19. Qxe8 $142 Rxe8 20. gxf4) 19... Rb8 $1 $17 ({Don't play} 19... Bxe6 $6 20. Ng5 $11) 20. g4 Nf6 21. Bxf4 (21. h3 $17) 21... Bxe6 $19 22. h3 {[#]} b5 $1 {[%cal Bb7b5,Bb5c4][%mdl 544]} 23. Nd2 (23. cxb5 Bxb3) 23... bxc4 24. Qe3 {Black must now prevent Rxb8.} Qf7 25. Bg5 Nd5 26. Qg3 (26. Bxd5 $142 Bxd5 27. Rxb8 Rxb8 28. Qxe7 Qxe7 29. Bxe7) 26... h6 {Black is clearly winning.} 27. Be3 Nxe3 28. fxe3 Be5 29. Qh4 Qg7 {aiming for ...g5.} 30. Ne4 (30. Rxb8 $142 Rxb8 31. Nf3) 30... g5 {Accuracy: White = 13%, Black = 79%.} 0-1

[Event "19th Prague Open-A 2020"]
[Site "Prague"]
[Date "2020.01.10"]
[Round "1.10"]
[White "Neuman, Petr"]
[Black "Ortoft, Kai"]
[Result "1-0"]
[WhiteElo "2371"]
[BlackElo "1963"]
[Annotator "TA"]
[PlyCount "57"]
[EventDate "2020.01.10"]
[EventType "swiss"]
[EventCountry "CZE"]
[SourceTitle "playchess.com"]
[Source "ChessBase"]
[SourceQuality "1"]

{[%evp 22,57,25,12,46,38,58,54,55,65,67,74,98,89,117,54,72,68,91,78,77,60,96,96,96,96,96,96,118,118,118,112,224,243,211,214,187,196]} 1. d4 Nf6 2. c4 e6 3. Nc3 d5 4. cxd5 exd5 5. Bg5 c6 6. Qc2 Be7 7. e3 O-O 8. Bd3 Nbd7 9. Nge2 Re8 10. O-O Nf8 11. f3 Ng6 12. Rad1 Nd7 {D36: Queen's Gambit Declined: Exchange Variation: Main line (5 Bg5 c6 6 Qc2)} (12... Nh5 13. Bxe7 Qxe7 14. e4 Qg5 15. Kh1 Nhf4 16. Nxf4 Nxf4 17. e5 Nxd3 18. Qxd3 Bf5 19. Qd2 Qxd2 20. Rxd2 {½-½ (60) Reuker,J (2394)-Meskovs,N (2548) Braunschweig 2019}) 13. Bxe7 Qxe7 14. e4 dxe4 {White is slightly better.} 15. fxe4 Nf6 16. e5 Nd5 17. Nxd5 cxd5 18. Ng3 (18. Nc3 $16) 18... Be6 $146 ({Predecessor:} 18... Qh4 19. Bb5 Re7 20. Nf5 Bxf5 21. Qxf5 {1-0 (43) Raecke,N-Hesselbarth,K (1793) Berlin 2012}) 19. Nf5 Bxf5 20. Bxf5 Nf8 21. Rf3 g6 22. Bh3 $36 {[%mdl 2048] White has strong initiative.} Ne6 23. Bxe6 fxe6 24. Rdf1 Rf8 25. Rf6 Rxf6 26. exf6 Qd6 (26... Qf7 $16 {might work better.}) 27. f7+ $18 {White is clearly better.} Kg7 28. Qf2 {[#] White wants to mate with Qf6+.} Qe7 29. Qf4 {Accuracy: White = 63%, Black = 44%.} 1-0

[Event "19th Prague Open-A 2020"]
[Site "Prague"]
[Date "2020.01.10"]
[Round "1.11"]
[White "Eliseev, Sergey"]
[Black "Peng, Hongchi"]
[Result "0-1"]
[WhiteElo "1959"]
[BlackElo "2362"]
[Annotator "TA"]
[PlyCount "48"]
[EventDate "2020.01.10"]
[EventType "swiss"]
[EventCountry "CZE"]
[SourceTitle "playchess.com"]
[Source "ChessBase"]
[SourceQuality "1"]

{[%evp 9,48,27,42,41,48,61,56,-21,-27,-12,22,-18,23,15,76,-136,-113,-146,-130,-139,-135,-144,-142,-189,-182,-262,-282,-275,-283,-275,-274,-271,-264,-275,-285,-277,-207,-274,-220,-317,-320]} 1. e4 c5 2. Nf3 d6 3. d4 cxd4 4. Qxd4 Nf6 5. Nc3 Bd7 6. Bg5 {B53: Sicilian: 2...d6: Lines with Qxd4} Nc6 7. Qd2 h6 8. Bh4 (8. Bxf6 $14 gxf6 9. Bc4) 8... g5 $11 9. Bg3 g4 $146 ({Predecessor:} 9... Nh5 10. Nd4 Nxd4 11. Qxd4 Bg7 12. Qe3 Qa5 13. Be2 Nxg3 14. hxg3 {0-1 (35) Martinez,R (2420)-Jobava,B (2678) Milan 2011}) 10. Nd4 h5 {Strongly threatening ...Nxd4.} 11. f4 Bh6 (11... gxf3 $11 {remains equal.} 12. Nxf3 Qa5) 12. Nf5 $2 (12. Bf2 $16 {keeps the pressure on.}) 12... Nxe4 $1 $17 {[%mdl 64] [#] Remove Defender} 13. Nxe4 Bxf5 14. Bd3 Qd7 15. Qe2 {Nf6+ is the strong threat.} O-O-O 16. Rd1 Bg7 {Threatens to win with ...h4.} 17. O-O (17. Ng5 {was necessary.} h4 18. Bxf5 Qxf5 19. Bf2) 17... h4 $19 ({Don't play} 17... Bxb2 18. c3 $17) 18. Bf2 g3 (18... Bxb2 19. Rb1 $17) 19. hxg3 Bg4 {[%mdl 64] [#] Skewer} (19... Bxb2 20. Rb1 $17) 20. Qd2 Bxd1 ({Weaker is} 20... Bxb2 21. Rb1 $15) 21. Rxd1 hxg3 (21... Bxb2 22. gxh4 Bd4 23. g3 $19) 22. Nxg3 Kb8 23. Nf5 Bf6 24. Qe3 (24. b4 $142 e6 25. b5) 24... e6 {Accuracy: White = 35%, Black = 65%.} ({But not} 24... Bxb2 25. Be4 $19) 0-1